Gaming Quiz

Random Gaming or Nintendo Quiz

Kirby Superstar GCO Treasures Quiz Stats

Quiz not verified by Sporcle

Challenge
Share
Tweet
Embed
Score 0/60 Timer 10:00
0 Plays Today
Treasure % Correct
Triforce
87.5%
Gold Coin
82.5%
Springtime
72.5%
Summertime
72.5%
Autumntime
70%
Wintertime
67.5%
Lucky Cat
60%
Sword
57.5%
Whip
55%
Screw Ball
55%
Mr. Saturn
55%
Gold Medal
52.5%
Dime
52.5%
Falcon Helmet
52.5%
Xmas Tree
50%
Bandana
47.5%
Fish Fossil
47.5%
Beast Fossil
45%
Bucket
45%
Turtle Shell
45%
King's Cape
45%
Seiryu Sword
42.5%
Dud
42.5%
Mannequin
42.5%
Katana
42.5%
Kong's Barrel
42.5%
Zebra Mask
40%
Saucepan
40%
Echigo Candy
37.5%
Beast's Fang
37.5%
Treasure % Correct
Model Ship
37.5%
Orihalcon
37.5%
Charm
35%
Tire
35%
Crystal Ball
32.5%
Armor
32.5%
Shiny Bamboo
30%
Goblet
22.5%
100 Dollar Coin
22.5%
Treasure Box
22.5%
Platinum Ring
22.5%
Glass Slippers
20%
Amber Rose
20%
Star Tiara
20%
Rice Bowl
20%
Sun Ring
20%
Star Stone
17.5%
Truth Mirror
17.5%
Unicorn's Horn
17.5%
Tut's Mask
17.5%
Gold Crown
17.5%
Raccoon Doll
17.5%
Brass Knuckle
15%
Nunchuks
15%
Ancient Gem
15%
Warrior Shield
15%
Ramia's Scale
15%
Spirit Charm
15%
Pegasus Wing
15%
Shell Whistle
15%

You're not logged in!

Compare scores with friends on all Sporcle quizzes.
Join for Free
OR
Log In

You Might Also Like...

Show Comments

Extras

Top Quizzes Today


Score Distribution

Your Account Isn't Verified!

In order to create a playlist on Sporcle, you need to verify the email address you used during registration. Go to your Sporcle Settings to finish the process.

Report this User

Report this user for behavior that violates our Community Guidelines.

Details: